| 000 | 01028nam a2200277 a 4500 | ||
|---|---|---|---|
| 003 | OSt | ||
| 005 | 20240304094458.0 | ||
| 008 | |||
| 020 | _a080362946X (paperback) | ||
| 040 |
_aNUST _cNUST _beng _dNUST _erda |
||
| 050 | _aREF R 123 DUN | ||
| 100 | 1 |
_aDunmore, Charles William. _eAuthor |
|
| 245 | 1 | 0 |
_aMedical terminology : _bexercises in etymology / _cCharles W. Dunmore, Rita M. Fleischer. |
| 250 | _aEd. 2. | ||
| 260 |
_aPhiladelphia : _bF.A. Davis, _cc1985. |
||
| 300 |
_axiv, 305 pages : _billustrations ; _c28 cm. |
||
| 336 |
_2rdacontent _atext _btxt |
||
| 337 |
_2rdamedia _aunmediated _bn |
||
| 338 |
_2rdacarrier _avolume _bnc |
||
| 650 | 0 |
_aMedicine _xTerminology _xProblems, exercises, etc. |
|
| 650 | 0 |
_aGreek language _xMedical Greek _xProblems, exercises, etc. |
|
| 650 | 0 |
_aLatin language _xMedical Latin _xProblems, exercises, etc. |
|
| 650 | 2 | _aTerminology. | |
| 700 | 1 |
_aFleischer, Rita M. _eAuthor |
|
| 942 |
_cBOOKS _kREF R123 _2lcc _hREF R123 DUN _mDUN _n0 |
||
| 999 |
_c114237 _d114237 |
||